Arbeits-programm 1998

Bewaard in:
Bibliografische gegevens
Coauteur: European Centre for the Development of Vocational Training (Auteur)
Formaat: Boek
Taal:Engels
Frans
Duits
Gepubliceerd in: Luxemburgo Office for Official Publications of the European Communities 1998
Onderwerpen:
Tags: Voeg label toe
Geen labels, Wees de eerste die dit record labelt!

MARC

LEADER 00000nam a2200000 a 4500
001 UCQ4600
003 CL-VaPUC
008 980910e19980000LU |||||||||||||||||eng|d
041 0 7 |a eng  |2 CL-VaPUC 
041 0 7 |a fre  |2 CL-VaPUC 
041 0 7 |a ger  |2 CL-VaPUC 
082 0 4 |a 371.425  |b EUR  |2 21 
110 2 |a European Centre for the Development of Vocational Training  |e author  |9 418777 
245 1 0 |a Arbeits-programm 1998 
246 1 0 |a Work programme 1998 
246 1 0 |a Programme de travail 1998 
300 |a P. irreg 
942 |c BK 
945 |d 19980910 00:00:00  |a mvenant 
260 |a Luxemburgo  |b Office for Official Publications of the European Communities  |c 1998 
650 7 |a PROGRAMAS EDUCATIVOS  |2 CL-VaPUC  |9 418778 
650 0 |a Formación profesional   |9 257232 
650 0 |a Orientación vocacional  |9 255692 
583 |a last modification  |c 20170829 03:31:11  |k Rodrigo Vera 
999 |c 274946  |d 274944 
952 |0 0  |1 0  |4 0  |6 371_425000000000000_EUR_1998  |7 0  |8 A  |9 311367  |a BIBGIM  |b BIBGIM  |d 2019-11-20  |i 3444627  |o 371.425 EUR 1998  |p 3444627  |r 2025-01-15  |w 2019-11-20  |y BK  |k GIM